| 000 | 00675nam a2200169 i 4500 | ||
|---|---|---|---|
| 001 | 165587 | ||
| 003 | ES-MaACL | ||
| 005 | 20230906213153.0 | ||
| 008 | 030401s1892 sp |||| | spa d | ||
| 040 |
_aCCPB | B _bspa _cCCPB | B |
||
| 100 | 1 |
_aSoto y Ardid, José M. _9132841 |
|
| 245 | 1 | 0 |
_aEstudios sobre expropiación forzosa / _cpor José M. de Soto y Ardid. |
| 260 |
_aMadrid : _b[s.n.], _c1892 ( _fImprenta de la Revista de Legislación) |
||
| 300 |
_a82 p. ; _c21 cm. |
||
| 650 | 4 |
_aExpropiación forzosa. _912703 |
|
| 852 |
_aES-MaACL _jT-688-F-5 _z-- Enc. hol. conservando la cub. original _z-- Dedic. ms. del autor al Ateneo de Madrid _z-- Enc. en un vol. facticio |
||
| 999 |
_c165587 _d165587 |
||